Physik für das Studium der Medizin, Biowissenschaften, Veterinärmedizin /

Hlavní autor: Beier, Walter
Další autoři: Pliquett, Fritz, 1935-
Jazyk: Němčina
Vydáno: Leipzig : J.A. Barth, 1987
Vydání: 4.,überarb. und erw. Aufl.
Fyzický popis: 556 s.
Knihy
Uloženo v:
LEADER 00731nam a2200217 a 4500
001 000370957
003 CZ BrMZK
005 20120629093040.0
007 ta
008 980105s1987 gw f ger d
040 |a BOA001  |b cze 
080 |a 53(075.8)  |2 MRF 
100 1 |a Beier, Walter  |7 jx20040720134  |4 aut 
245 1 0 |a Physik für das Studium der Medizin, Biowissenschaften, Veterinärmedizin /  |c Walter Beier, Fritz Pliquett 
250 |a 4.,überarb. und erw. Aufl. 
260 |a Leipzig :  |b J.A. Barth,  |c 1987 
300 |a 556 s. 
700 1 |a Pliquett, Fritz,  |d 1935-  |7 mzk2012707215  |4 aut 
910 |a BOA001  |b 2-0928.365 
990 |a BK 
996 7 |b 2619335109  |c 2-0928.365  |l MZK  |r Sklad / do 1 hodiny  |n 0  |w 000370957  |u 000010  |a 1  |e BOA001  |j MZK50  |s A